[Event "EYCC 2024 - O12"]
[Site "?"]
[Date "2024.08.22"]
[Round "1.16"]
[White "Diasamidze, Rati"]
[Black "Filindash, Nikita"]
[Result "0-1"]
[BlackElo "2067"]
[WhiteElo "1780"]
[LiveChessVersion "1.4.8"]

1. d4 {[%clk 1:30:58]} d5 {[%clk 1:30:54]} 2. c4 {[%clk 1:31:24]} e6
{[%clk 1:31:22]} 3. Nf3 {[%clk 1:31:46]} c6 {[%clk 1:31:45]} 4. e3
{[%clk 1:32:06]} Nf6 {[%clk 1:32:09]} 5. Nc3 {[%clk 1:32:25]} Nbd7
{[%clk 1:32:38]} 6. Qc2 {[%clk 1:32:35]} Bd6 {[%clk 1:32:58]} 7. g4
{[%clk 1:32:35]} h6 {[%clk 1:33:02]} 8. Rg1 {[%clk 1:32:01]} g5 {[%clk 1:21:53]}
9. Bd2 {[%clk 1:25:34]} b6 {[%clk 1:21:09]} 10. h4 {[%clk 1:21:10]} gxh4
{[%clk 1:18:35]} 11. g5 {[%clk 1:16:39]} hxg5 {[%clk 1:18:00]} 12. Nxg5
{[%clk 1:16:14]} Qe7 {[%clk 1:17:33]} 13. O-O-O {[%clk 1:09:35]} Bb7
{[%clk 1:13:17]} 14. cxd5 {[%clk 1:02:32]} exd5 {[%clk 1:05:23]} 15. Re1
{[%clk 0:58:58]} O-O-O {[%clk 0:56:43]} 16. e4 {[%clk 0:48:42]} dxe4
{[%clk 0:56:28]} 17. Ncxe4 {[%clk 0:47:48]} Nxe4 {[%clk 0:56:06]} 18. Rxe4
{[%clk 0:45:18]} Qf6 {[%clk 0:56:04]} 19. Be3 {[%clk 0:37:52]} Kb8
{[%clk 0:41:40]} 20. Nh3 {[%clk 0:27:56]} c5 {[%clk 0:34:58]} 21. Reg4
{[%clk 0:23:32]} Rc8 {[%clk 0:33:42]} 22. Kb1 {[%clk 0:21:06]} cxd4
{[%clk 0:23:17]} 23. Bxd4 {[%clk 0:20:42]} Ne5 {[%clk 0:22:29]} 24. Bc3
{[%clk 0:18:56]} Rxc3 {[%clk 0:17:34]} 25. bxc3 {[%clk 0:15:54]} Nxg4
{[%clk 0:17:56]} 26. Rxg4 {[%clk 0:15:53]} Rc8 {[%clk 0:17:52]} 27. Rc4
{[%clk 0:13:03]} Rxc4 {[%clk 0:18:01]} 28. Bxc4 {[%clk 0:13:26]} Be5
{[%clk 0:18:20]} 29. Kb2 {[%clk 0:11:12]} Bg2 {[%clk 0:16:44]} 30. f4
{[%clk 0:11:07]} Bxc3+ {[%clk 0:16:40]} 31. Qxc3 {[%clk 0:11:23]} Qxc3+
{[%clk 0:17:08]} 32. Kxc3 {[%clk 0:11:38]} Bxh3 {[%clk 0:17:36]} 33. Kd2
{[%clk 0:11:23]} f5 {[%clk 0:17:39]} 34. Ke3 {[%clk 0:11:25]} Kc7
{[%clk 0:17:59]} 35. Kf2 {[%clk 0:11:10]} Kd6 {[%clk 0:18:26]} 36. a4
{[%clk 0:10:35]} Kc5 {[%clk 0:18:55]} 37. Be6 {[%clk 0:10:50]} Kb4
{[%clk 0:19:19]} 38. Bd7 {[%clk 0:11:07]} a6 {[%clk 0:19:36]} 39. Be8
{[%clk 0:10:57]} b5 {[%clk 0:20:02]} 0-1